| 000 | 00586nam a22001937a 4500 | ||
|---|---|---|---|
| 005 | 20251108165817.0 | ||
| 008 | 250721s1995 xx 000 0 ara d | ||
| 082 | 1 | 4 | _aط/211.8/هاش |
| 100 | 1 | _aالهاشمي، عبد المنعم | |
| 245 | 1 | 0 | _aسلسلة قصص النساء القرآن / |
| 250 | _aط2 | ||
| 264 | 1 |
_aالكويت : _bمكتبة ابن كثير، _c1995. |
|
| 300 | _a10ج. | ||
| 650 | 1 | 7 | _aقصص القرآن |
| 650 | 1 | 7 | _aمباحث اخري |
| 653 | _aاطفال مرحلة متوسطة ( 6 - 9 سنوات ) | ||
| 942 |
_2ddc _cREF |
||
| 999 |
_c31877 _d31877 |
||